| 000 | 00329nam a22001337a 4500 | ||
|---|---|---|---|
| 003 | SGT | ||
| 082 | _a340.095 4,SIN | ||
| 100 | _aSINGH,M.P. | ||
| 245 | _aOUTLINES OF THE INDIAN LEGAL AND COSTITUTIONAL HISTORY | ||
| 260 |
_aMEERUT _bWESTERN LAW HOUSE _c1988 |
||
| 300 | _a543 | ||
| 650 | _aCOSTITUTIONAL HISTORY | ||
| 942 |
_2ddc _cBK |
||
| 999 |
_c10400 _d10400 |
||